| 000 | 00575nam a2200193Ia 4500 | ||
|---|---|---|---|
| 003 | 0OSt | ||
| 005 | 20260304100249.0 | ||
| 008 | 240810s9999 xx 000 0 und d | ||
| 020 | _aS/N | ||
| 040 |
_aBiblioteca Geral-Universidade Lusíada de Angola _cBULA |
||
| 082 |
_m10(1) _a325.4 |
||
| 100 | _aREPLUBICA PORTUGUESA (ESTADO DE ANGOLA ) | ||
| 245 | 0 | _aPanorâmica Socio -Economica de Angola Em 1971 | |
| 260 |
_aLuanda. _blisboa _c1972 |
||
| 300 | _a315p | ||
| 650 | _aRelaçoes Internacionais | ||
| 700 | _aReplubica portuguesa (estado de Angola ) | ||
| 942 |
_cLivros _2ddc |
||
| 999 |
_c639 _d639 |
||